Statistics for イオンモールの店舗名

Click here to take the quiz!

General Stats

  • This quiz has been taken 294 times
  • The average score is 49 of 149

Answer Stats

Pref.Answer% Correct
秋田県秋田
56%
千葉県幕張新都心
56%
岡山県岡山
56%
茨城県つくば
54%
千葉県
52%
長野県松本
52%
群馬県高崎
52%
岩手県盛岡
52%
和歌山県和歌山
50%
宮崎県宮崎
50%
埼玉県レイクタウン
50%
熊本県熊本
49%
愛知県岡崎
49%
香川県高松
49%
徳島県徳島
49%
千葉県船橋
48%
高知県高知
48%
神奈川県大和
47%
滋賀県草津
47%
鹿児島県鹿児島
47%
茨城県土浦
47%
埼玉県川口
46%
千葉県成田
44%
福岡県福岡
44%
群馬県太田
43%
宮城県名取
43%
千葉県木更津
43%
岡山県倉敷
42%
三重県桑名
41%
奈良県橿原
41%
埼玉県春日部
41%
富山県高岡
40%
島根県出雲
40%
京都府KYOTO
40%
岐阜県大垣
39%
兵庫県伊丹
39%
埼玉県羽生
39%
埼玉県与野
39%
山形県天童
38%
茨城県水戸内原
38%
京都府高の原
37%
三重県津南
37%
岐阜県各務原
37%
栃木県小山
37%
宮城県石巻
37%
北海道旭川駅前
36%
北海道苫小牧
36%
三重県鈴鹿
36%
山梨県甲府昭和
35%
東京都日の出
35%
埼玉県上尾
34%
埼玉県浦和美園
34%
石川県白山
34%
福島県いわき小名浜
34%
千葉県津田沼
34%
愛知県常滑
34%
千葉県銚子
33%
沖縄県沖縄ライカム
33%
愛知県長久手
33%
宮城県新利府
33%
東京都むさし村山
33%
鳥取県日吉津
33%
大阪府茨木
33%
愛知県熱田
33%
愛媛県新居浜
32%
愛知県大高
32%
広島県広島府中
32%
愛知県ナゴヤドーム前
32%
秋田県大曲
32%
青森県つがる柏
32%
岩手県盛岡南
31%
大阪府りんくう泉南
31%
神奈川県座間
31%
奈良県大和郡山
31%
岡山県津山
31%
京都府京都桂川
31%
長野県佐久平
31%
青森県下田
31%
香川県綾川
30%
新潟県新潟南
30%
石川県かほく
29%
東京都東久留米
29%
栃木県佐野新都市
29%
埼玉県川口前川
29%
愛知県名古屋茶屋
29%
静岡県富士宮
29%
兵庫県神戸北
29%
福岡県大牟田
29%
静岡県浜松志都呂
29%
兵庫県神戸南
28%
静岡県浜松市野
28%
三重県四日市北
28%
愛知県東浦
28%
石川県新小松
28%
福岡県筑紫野
27%
愛知県木曽川
27%
福岡県直方
27%
大阪府大日
27%
山形県山形南
27%
東京都多摩平の森
27%
千葉県八千代緑が丘
27%
大阪府堺北花田
26%
大阪府堺鉄砲町
26%
埼玉県北戸田
26%
千葉県富津
26%
大阪府四條畷
26%
山形県三川
26%
富山県となみ
26%
新潟県新発田
26%
宮城県富谷
26%
愛知県mozoワンダーシティ
26%
京都府京都五条
25%
鳥取県鳥取北
25%
北海道札幌発寒
25%
愛知県新瑞橋
25%
三重県東員
25%
大阪府鶴見緑地
25%
京都府久御山
25%
千葉県千葉ニュータウン
25%
宮崎県都城駅前
25%
茨城県下妻
25%
福岡県福津
24%
三重県明和
24%
大分県三光
23%
北海道旭川西
23%
熊本県宇城
23%
兵庫県伊丹昆陽
23%
愛媛県今治新都市
23%
北海道釧路昭和
23%
福岡県八幡東
23%
愛知県扶桑
22%
奈良県奈良登美ヶ丘
22%
佐賀県佐賀大和
22%
大阪府大阪ドームシティ
22%
北海道札幌苗穂
22%
福岡県香椎浜
21%
広島県広島祇園
21%
京都府北大路
21%
福岡県福岡伊都
19%
大阪府日根野
19%
兵庫県姫路大津
19%
兵庫県姫路リバーシティー
19%
兵庫県加西北条
19%
兵庫県猪名川
19%
愛知県Nagoya Noritake Garden
19%
北海道札幌平岡
18%
兵庫県ハーバーランドumie
16%
北海道カテプリ
15%
大阪府SENRITO専門館
13%

Score Distribution

Percentile by Number Answered

Percent of People with Each Score

Your Score History

You have not taken this quiz